| 000 | 00583nam a2200205Ia 4500 | ||
|---|---|---|---|
| 005 | 20250508164138.0 | ||
| 008 | 008 250505s9999 xx 000 0 eng d | ||
| 020 | _a0-415-32495-5 | ||
| 037 | _aReference | ||
| 040 |
_aFEDL _beng _cFEDL |
||
| 041 |
_aeng _2eng |
||
| 084 |
_a103, SHO _qFEDL |
||
| 100 |
_aCraig Edward Ed. _9479153 |
||
| 245 | 0 | _aShorter routledge encyclopedia of philosophy | |
| 260 |
_aLondon, UK _bRoutledge _c2005 |
||
| 300 | _axxvi,1077p. | ||
| 650 |
_aEncyclopedia-Philosophy _9777473 |
||
| 942 |
_cREF _h103, SHO |
||
| 999 |
_c1387307 _d1387307 |
||